[Event "Wch U12"]
[Site "Batumi"]
[Date "2016.10.28"]
[Round "9"]
[White "Post, Hugo"]
[Black "Loladze, Andria"]
[Result "0-1"]
[WhiteElo "1879"]
[BlackElo "1569"]
[PlyCount "58"]
[EventDate "2016.10.19"]
[EventType "swiss"]
[EventRounds "11"]
[EventCountry "GEO"]
[SourceTitle "EXT 2018"]
[Source "ChessBase"]
[SourceDate "2017.10.13"]
[SourceVersion "1"]
[SourceVersionDate "2017.10.13"]
[SourceQuality "1"]

1. e4 e5 2. Nf3 Nc6 3. Bc4 Bc5 4. c3 Nf6 5. d3 d6 6. 0-0 0-0 7. a4 a5 8. Na3 Bg4 9. h3 Bh5 10. Bb3 h6 11. Re1 Re8 12. Nc4 Qd7 13. Be3 Bxe3 14. Nxe3 Ne7 15. Bc2 c6 16. g4 Bg6 17. Nf5 Nxf5 18. gxf5 Bh5 19. Kh2 Kh7 20. Rg1 g6 21. fxg6+ fxg6 22. Rg3 Rf8 23. Qd2 Bxf3 24. Rxf3 Ng4+ 25. Kg3 Rxf3+ 26. Kxf3 Rf8+ 27. Kg3 Nxf2 28. Qxf2 Rxf2 29. Kxf2 Qxh3 0-1

[Event "Wch U12"]
[Site "Batumi"]
[Date "2016.10.27"]
[Round "8"]
[White "Loladze, Andria"]
[Black "Turgut, Aydin"]
[Result "0-1"]
[WhiteElo "1569"]
[BlackElo "2014"]
[PlyCount "136"]
[EventDate "2016.10.19"]
[EventType "swiss"]
[EventRounds "11"]
[EventCountry "GEO"]
[SourceTitle "EXT 2018"]
[Source "ChessBase"]
[SourceDate "2017.10.13"]
[SourceVersion "1"]
[SourceVersionDate "2017.10.13"]
[SourceQuality "1"]

1. e4 e5 2. Nf3 Nc6 3. d4 exd4 4. Nxd4 Bc5 5. Be3 Qf6 6. c3 Nge7 7. Bc4 0-0 8. 0-0 d6 9. Nxc6 Nxc6 10. Bxc5 dxc5 11. f4 Be6 12. Bxe6 Qxe6 13. Qe2 Rfe8 14. Nd2 Rad8 15. b3 Qd6 16. Nc4 Qe6 17. Rae1 b5 18. Na3 a6 19. Nc2 Rd7 20. a4 Qxb3 21. axb5 axb5 22. Rb1 Qxc3 23. Qxb5 Rd6 24. e5 Rde6 25. f5 Rxe5 26. Qxc6 Qxc2 27. Qxc7 Rxf5 28. Rxf5 Qxf5 29. Rb8 Qe4 30. h3 Qd4+ 31. Kh1 Kf8 32. Rxe8+ Kxe8 33. Qc8+ Ke7 34. Qc7+ Ke6 35. Qb6+ Qd6 36. Qb3+ Qd5 37. Qe3+ Kd7 38. Qa3 g6 39. Qa7+ Ke8 40. Qb8+ Ke7 41. Qa7+ Kf8 42. Qb8+ Kg7 43. Qb2+ Qd4 44. Qb6 Qa1+ 45. Kh2 Qe5+ 46. Kh1 c4 47. Qc6 Qd4 48. Qc7 c3 49. Kh2 h5 50. Kh1 Qe3 51. Qb8 Qe4 52. Qc7 c2 53. Kh2 g5 54. Qc3+ f6 55. Kh1 Qe2 56. Qc7+ Kg6 57. Qc8 Qf1+ 58. Kh2 Qf4+ 59. Kg1 c1Q+ 60. Qxc1 Qxc1+ 61. Kh2 h4 62. g4 Qd2+ 63. Kg1 Kf7 64. Kh1 Ke6 65. Kg1 Ke5 66. Kf1 Kf4 67. Kg1 Kg3 68. Kf1 Qf2# 0-1

[Event "Wch U12"]
[Site "Batumi"]
[Date "2016.10.23"]
[Round "5"]
[White "De Borba, Gabriel"]
[Black "Loladze, Andria"]
[Result "0-1"]
[WhiteElo "2054"]
[BlackElo "1569"]
[PlyCount "114"]
[EventDate "2016.10.19"]
[EventType "swiss"]
[EventRounds "11"]
[EventCountry "GEO"]
[SourceTitle "EXT 2018"]
[Source "ChessBase"]
[SourceDate "2017.10.13"]
[SourceVersion "1"]
[SourceVersionDate "2017.10.13"]
[SourceQuality "1"]

1. e4 e5 2. Nf3 Nc6 3. Bb5 a6 4. Ba4 Nf6 5. d3 b5 6. Bb3 Be7 7. c3 d6 8. 0-0 0-0 9. h3 Na5 10. Bc2 c5 11. Nbd2 Nc6 12. Re1 Bb7 13. Nf1 Qc7 14. Ng3 Rfe8 15. Nh4 h6 16. Qf3 Rad8 17. Nhf5 Kh7 18. Nxe7 Nxe7 19. Nf5 Nfg8 20. Ne3 Nf6 21. g4 d5 22. Nf5 Nfg8 23. g5 Nxf5 24. exf5 d4 25. Qg3 Ne7 26. Bd2 Nxf5 27. Qg4 g6 28. gxh6 Qc6 29. Kh2 Nh4 30. Bd1 dxc3 31. Bxc3 Rxd3 32. Be2 f5 33. Qg5 Nf3+ 34. Bxf3 Qxf3 35. Qg3 Qxg3+ 36. fxg3 e4 37. Rad1 Red8 38. Rc1 Kxh6 39. Be5 R3d5 40. Bf4+ Kg7 41. Be3 c4 42. b3 cxb3 43. axb3 R8d7 44. h4 Kf6 45. b4 Ke6 46. Rc2 Rd3 47. Ree2 Rb3 48. Bc5 Rdd3 49. Rg2 e3 50. Rge2 Bf3 51. Re1 Kd5 52. Kg1 Rd2 53. Rcc1 e2 54. Kf2 Bg4 55. Be3 Rd1 56. Rc5+ Ke4 57. Bf4 Rf3+ 0-1

[Event "Wch U12"]
[Site "Batumi"]
[Date "2016.10.19"]
[Round "1"]
[White "Cohen Revivo, Shoham"]
[Black "Loladze, Andria"]
[Result "1-0"]
[WhiteElo "2035"]
[BlackElo "1569"]
[PlyCount "61"]
[EventDate "2016.10.19"]
[EventType "swiss"]
[EventRounds "11"]
[EventCountry "GEO"]
[SourceTitle "EXT 2018"]
[Source "ChessBase"]
[SourceDate "2017.10.13"]
[SourceVersion "1"]
[SourceVersionDate "2017.10.13"]
[SourceQuality "1"]

1. e4 e5 2. Nf3 Nc6 3. Bc4 Bc5 4. d3 d6 5. Nc3 Nf6 6. Bg5 h6 7. Bxf6 Qxf6 8. Nd5 Qd8 9. c3 a6 10. d4 Ba7 11. dxe5 Nxe5 12. Nxe5 dxe5 13. Qh5 0-0 14. Qxe5 b5 15. Bb3 Re8 16. Qf4 Bb8 17. Ne3 Qe7 18. 0-0 c5 19. Qf3 c4 20. Bc2 Bb7 21. Rfe1 Bxe4 22. Bxe4 Qxe4 23. Nf1 Qxf3 24. Rxe8+ Kh7 25. gxf3 Bxh2+ 26. Kxh2 Rxe8 27. Ne3 g5 28. Rd1 Re6 29. Kg3 Kg6 30. f4 f5 31. Rd5 1-0